<?xml version="1.0" encoding="UTF-8"?>
<collection xmlns="http://www.loc.gov/MARC21/slim">
 <record>
  <leader>00604pamaa2200169   4500</leader>
  <controlfield tag="001">0000038875</controlfield>
  <controlfield tag="005">20090909090000.0</controlfield>
  <datafield tag="020" ind1="0" ind2="0">
   <subfield code="a">189185934X (pbk) </subfield>
  </datafield>
  <datafield tag="082" ind1=" " ind2=" ">
   <subfield code="a">371.3344678 HAN</subfield>
  </datafield>
  <datafield tag="090" ind1="0" ind2="0">
   <subfield code="a">LB1044.87 </subfield>
   <subfield code="b">HAN 2000</subfield>
  </datafield>
  <datafield tag="100" ind1="1" ind2="0">
   <subfield code="a">HANNA </subfield>
  </datafield>
  <datafield tag="245" ind1="1" ind2="0">
   <subfield code="a">147 Practical Tips for TeachingOnline Groups : </subfield>
   <subfield code="b">essentials of Web-based education  </subfield>
   <subfield code="c">by Donald E. Hanna, Michelle Glowacki-Dudka, Simone Conceicao-Runlee.</subfield>
  </datafield>
  <datafield tag="260" ind1="0" ind2="0">
   <subfield code="a">Madison, Wisconsin: </subfield>
   <subfield code="b">Atwood Publishing, </subfield>
   <subfield code="c">2000.</subfield>
  </datafield>
  <datafield tag="300" ind1=" " ind2=" ">
   <subfield code="a">xix, 74p.; </subfield>
   <subfield code="c">23 cm.</subfield>
  </datafield>
  <datafield tag="650" ind1="0" ind2="0">
   <subfield code="a">Internet in education </subfield>
  </datafield>
  <datafield tag="700" ind1="1" ind2="1">
   <subfield code="a">Glowacki-Dudka, </subfield>
   <subfield code="h">Michelle </subfield>
  </datafield>
  <datafield tag="700" ind1="1" ind2="1">
   <subfield code="a">Conceicao-Runlee, </subfield>
   <subfield code="h">Simone </subfield>
  </datafield>
 </record>
</collection>
